000 00514nam a22001817a 4500
003 KOHA_MİRAKIL
005 20251219102346.0
008 251219b tu ||||| |||| 00| 0 tur d
020 _a9789753537599
040 _aTR-AnABB
_btur
_cTR-AnABB
041 _atur
082 _a332
_bHAL 2024
245 1 0 _aHalka arz süreçleri, hukuki ve finansal sonuçları sempozyumu /
260 _aİstanbul :
_bDer Yayınları,
_c2024
300 _a196 sayfa ;
_c24 cm
650 0 4 _aFinans ekonomisi
942 _2ddc
_cBK
999 _c9790
_d9790
900 _bGizem YORULMAZ